[Event "Olympiad Women-39"]
[Site "Khanty-Mansiysk"]
[Date "2010.09.23"]
[Round "3.27"]
[White "Moser, Eva"]
[Black "Bakri, Alia Anin Azwa"]
[Result "1-0"]
[WhiteElo "2436"]
[BlackElo "1904"]
[PlyCount "59"]
[EventDate "2010.09.21"]
[EventType "team-swiss"]
[EventRounds "11"]
[EventCountry "RUS"]
[SourceTitle "CBM 139"]
[Source "ChessBase"]
[SourceDate "2010.11.18"]
[SourceVersion "1"]
[SourceVersionDate "2010.11.18"]
[SourceQuality "1"]
[WhiteTeam "Austria (W)"]
[BlackTeam "Malaysia (W)"]
[WhiteTeamCountry "AUT"]
[BlackTeamCountry "MAS"]

1. b3 d5 2. Bb2 e6 3. e3 Nf6 4. f4 Bd6 5. Nf3 0-0 6. Bd3 Nbd7 7. 0-0 Re8 8. Ne5 Bf8 9. Nc3 c6 10. Qf3 g6 11. Ne2 Bg7 12. g4 Nc5 13. Ng3 Nfe4 14. Bxe4 Nxe4 15. Nxe4 dxe4 16. Qxe4 Qxd2 17. Rad1 Qa5 18. Nc4 Qc7 19. Bxg7 Kxg7 20. Nd6 Rf8 21. Qe5+ Kg8 22. g5 b6 23. Qc3 Ba6 24. Rf2 Rad8 25. Rfd2 Rxd6 26. Rxd6 c5 27. Rd7 Qc6 28. Rd8 e5 29. Rxf8+ Kxf8 30. Qxe5 1-0

[Event "Kuala Lumpur op 7th"]
[Site "Kuala Lumpur"]
[Date "2010.09.07"]
[Round "9"]
[White "Bakri, Alia Anin Azwa"]
[Black "Azman Hisham, Mohd Nabil"]
[Result "1/2-1/2"]
[WhiteElo "1904"]
[BlackElo "2046"]
[PlyCount "68"]
[EventDate "2010.09.01"]
[EventType "swiss"]
[EventRounds "9"]
[EventCountry "MAS"]
[SourceTitle "CBM 138 Extra"]
[Source "ChessBase"]
[SourceDate "2010.10.29"]
[SourceVersion "1"]
[SourceVersionDate "2010.10.29"]
[SourceQuality "1"]

1. d4 d5 2. c4 e6 3. Nc3 Nf6 4. Bg5 Nbd7 5. e3 Be7 6. Nf3 0-0 7. Bd3 c6 8. 0-0 b6 9. cxd5 exd5 10. Rc1 Bb7 11. Qc2 g6 12. Rfd1 Re8 13. Bf4 Nh5 14. Bg3 Nxg3 15. hxg3 f5 16. Qe2 b5 17. a3 Bd6 18. Qc2 Qf6 19. Re1 a6 20. Rcd1 Ra7 21. Ne2 Raa8 22. Nc1 Rac8 23. Nb3 c5 24. dxc5 Nxc5 25. Nxc5 Bxc5 26. Qd2 Kg7 27. Rc1 Bb6 28. Rxc8 Rxc8 29. Rc1 Rxc1+ 30. Qxc1 d4 31. Nxd4 Bxd4 32. exd4 Qc6 33. Qxc6 Bxc6 34. d5 Bxd5 1/2-1/2

[Event "Kuala Lumpur op 7th"]
[Site "Kuala Lumpur"]
[Date "2010.09.05"]
[Round "7"]
[White "Bakri, Alia Anin Azwa"]
[Black "Aquino, Jose Jr"]
[Result "0-1"]
[WhiteElo "1904"]
[BlackElo "2245"]
[PlyCount "102"]
[EventDate "2010.09.01"]
[EventType "swiss"]
[EventRounds "9"]
[EventCountry "MAS"]
[SourceTitle "CBM 138 Extra"]
[Source "ChessBase"]
[SourceDate "2010.10.29"]
[SourceVersion "1"]
[SourceVersionDate "2010.10.29"]
[SourceQuality "1"]

1. d4 Nf6 2. c4 g6 3. Nc3 Bg7 4. Nf3 0-0 5. e4 d6 6. Be2 Nc6 7. 0-0 e5 8. dxe5 Nxe5 9. Nxe5 dxe5 10. Bg5 c6 11. Qxd8 Rxd8 12. h3 Re8 13. Bxf6 Bxf6 14. Bg4 Bxg4 15. hxg4 Rad8 16. Rad1 Rd4 17. b3 Red8 18. f3 Rd3 19. Rxd3 Rxd3 20. Nb1 Bh4 21. Kh2 a5 22. Rc1 Bd8 23. c5 a4 24. bxa4 Rd4 25. Rc2 Rxa4 26. Nd2 Kf8 27. Nb3 Ke8 28. Kg3 Kd7 29. Kf2 Ke6 30. Ke2 Bg5 31. g3 f5 32. gxf5+ gxf5 33. Kd3 Kf6 34. exf5 Kxf5 35. Nd2 Rd4+ 36. Ke2 Rxd2+ 37. Rxd2 Bxd2 38. Kxd2 Ke6 39. Kc3 Kd5 40. Kb4 Kd4 41. a4 h5 42. g4 h4 43. g5 Kd5 44. g6 Ke6 45. g7 Kf7 46. Ka5 h3 47. Kb6 h2 48. a5 h1Q 49. Kxb7 Qxf3 50. a6 Qb3+ 51. Kxc6 Qb8 0-1

[Event "Kuala Lumpur op 7th"]
[Site "Kuala Lumpur"]
[Date "2010.09.02"]
[Round "2"]
[White "Anasrullah"]
[Black "Bakri, Alia Anin Azwa"]
[Result "1/2-1/2"]
[WhiteElo "2143"]
[BlackElo "1904"]
[PlyCount "192"]
[EventDate "2010.09.01"]
[EventType "swiss"]
[EventRounds "9"]
[EventCountry "MAS"]
[SourceTitle "CBM 138 Extra"]
[Source "ChessBase"]
[SourceDate "2010.10.29"]
[SourceVersion "1"]
[SourceVersionDate "2010.10.29"]
[SourceQuality "1"]

1. e4 e6 2. d4 d5 3. exd5 exd5 4. Nf3 Nf6 5. h3 h6 6. c4 c6 7. Nc3 Bb4 8. Qb3 Qe7+ 9. Be3 Be6 10. a3 Bxc3+ 11. bxc3 dxc4 12. Bxc4 Bxc4 13. Qxc4 Nd5 14. 0-0 0-0 15. Bd2 Nd7 16. Rfe1 Qd6 17. Qb3 b6 18. c4 Nc7 19. Bb4 c5 20. dxc5 Nxc5 21. Bxc5 Qxc5 22. Ne5 Rfd8 23. Qf3 Qf8 24. Nc6 Re8 25. Rxe8 Qxe8 26. Kf1 Qe6 27. Rc1 a5 28. Nd4 Qe5 29. Nc6 Qc5 30. Kg1 Re8 31. a4 Na6 32. Qd5 Qa3 33. Rb1 Nb4 34. Qd7 Rf8 35. Ne7+ Kh8 36. Nd5 Qd3 37. Rc1 Qd2 38. Rf1 Qd4 39. Qe7 Qc5 40. Qe4 Rc8 41. Ne3 Qc6 42. Qf5 Kg8 43. Rd1 Rf8 44. Nd5 Nxd5 45. cxd5 Qxa4 46. Qf3 Qd7 47. d6 b5 48. Qc3 Ra8 49. Qc7 Qd8 50. Rd5 Qb8 51. Qc6 Qc8 52. Qxc8+ Rxc8 53. Rxb5 Rd8 54. Rb6 a4 55. Kf1 Kf8 56. Ke2 Ke8 57. Kd3 Kd7 58. Kc3 Ke6 59. Ra6 Rxd6 60. Rxa4 Ke5 61. Ra7 Ke6 62. Kc2 g6 63. Rb7 Kf6 64. Rc7 Ke6 65. Rc3 Kf6 66. Rf3+ Ke6 67. h4 h5 68. Rf4 Rd5 69. Kc3 Rf5 70. Re4+ Kf6 71. f3 Rd5 72. Rd4 Ra5 73. Rf4+ Ke6 74. Kd3 Ra3+ 75. Ke2 Ra2+ 76. Kf1 Rb2 77. Kg1 Rc2 78. Kh2 Rc5 79. Kg3 Rf5 80. Re4+ Kf6 81. Re8 Re5 82. Rb8 Rc5 83. Rb7 Ra5 84. Rb6+ Kg7 85. Rb4 Ra2 86. Rb3 Rc2 87. Rd3 Ra2 88. Rd5 Ra4 89. Re5 Kf6 90. Re8 Rc4 91. Ra8 Rb4 92. Ra6+ Kg7 93. Rc6 Ra4 94. Kh3 Rf4 95. Rc3 Rf5 96. Kg3 Rb5 1/2-1/2

[Event "Kuala Lumpur op 7th"]
[Site "Kuala Lumpur"]
[Date "2010.09.02"]
[Round "3"]
[White "Bakri, Alia Anin Azwa"]
[Black "Lee, Kim Han Edward"]
[Result "1/2-1/2"]
[WhiteElo "1904"]
[BlackElo "2156"]
[PlyCount "137"]
[EventDate "2010.09.01"]
[EventType "swiss"]
[EventRounds "9"]
[EventCountry "MAS"]
[SourceTitle "CBM 138 Extra"]
[Source "ChessBase"]
[SourceDate "2010.10.29"]
[SourceVersion "1"]
[SourceVersionDate "2010.10.29"]
[SourceQuality "1"]

1. d4 Nf6 2. c4 g6 3. Nc3 Bg7 4. Nf3 0-0 5. e4 d6 6. Be2 e5 7. dxe5 dxe5 8. 0-0 Nbd7 9. Be3 Re8 10. Qc2 c6 11. h3 Qc7 12. Rfd1 Bf8 13. a3 Bc5 14. Qd2 a5 15. Ne1 b6 16. Nf3 Bb7 17. Na4 Rad8 18. Bd3 Bxe3 19. Qxe3 Nh5 20. Bf1 Nf4 21. Rd2 Ne6 22. b4 axb4 23. axb4 c5 24. b5 Nd4 25. Raa2 f5 26. Nc3 Nf6 27. Bd3 f4 28. Qe1 Nxf3+ 29. gxf3 Kf7 30. Bf1 g5 31. Bg2 Kg6 32. Nd5 Bxd5 33. exd5 Rd7 34. Qb1+ Kg7 35. Ra6 Rf8 36. Qf5 h6 37. Qe6 Rd6 38. Qxe5 Re8 39. Qa1 Re7 40. Raa2 Kf7 41. Re2 Rdd7 42. Qe1 Rxe2 43. Rxe2 Re7 44. Bf1 Rxe2 45. Qxe2 Qe7 46. Qa2 Ne8 47. Qa6 Qd6 48. Qc8 Ke7 49. Qf5 Qf6 50. Qe4+ Kd7 51. Qh7+ Qg7 52. Qf5+ Kc7 53. Bd3 Qe7 54. Qg6 Nd6 55. Qxh6 Kd7 56. Qh8 Qe8 57. Qh7+ Qe7 58. Qh8 Qe8 59. Qf6 Qe7 60. Bf5+ Kd8 61. Qg6 Nxc4 62. Bd3 Nd6 63. Qg8+ Kc7 64. Qa8 Nb7 65. Be4 Qd7 66. Qg8 Qe7 67. Qa8 Qd7 68. Qg8 Qe7 69. Qa8 1/2-1/2